000 00771nam a2200265Ia 4500
001 Para_7822
003 CHAP
008 220125s1983 xx 000 0 und d
010 _a206456
040 _cCHAP
082 _aPA 630.71 C65 1983
110 _aColegio de Postgraduados (México)
_9150122
245 _aInforme anual 1983 /
_c por Colegio de Postgraduados
260 _aChapingo, Méx. :
_b Colegio de Postgraduados
300 _a79 p.
650 _aAgricultura
_x estudio y enseñanza
_xMéxico
_9149129
650 _aAgricultura
_x investigación
_91577
901 _aPA 630.71 C65 1983
902 _aA
905 _a0000001983 0000000000 00
910 _a1983
942 _cPARA
942 _cPARA
_d1
999 _c206456
_d206456